Une lettre suffit pour répondre juste #48 (attention 10 lettres tuent) - Statistiques

Statistiques générales
  • Ce quiz a été pris 63 fois
  • Le résultat moyen est 4 sur 6
Statistiques - réponses
Hint Réponse % Correct
Donne une des 5 lettres qui compose le nom du pays représenté par cet homme à l'ONU
LIBYE
100%
Donne une des 4 lettres qui complète le nom de cette émission TV : _ _ _ _ Race France
DRAG
93%
Donne une des 3 lettres qui compose le nom de l'entreprise postale des États-Unis d'Amérique qui est surnommée la Big Brown, par allusion à la couleur de l'uniforme des employés UPS
71%
Donne une des 2 lettres qui complète le nom de cet artiste : _ _ Solaar
MC
67%
Donne la première lettre du pays qui a pour capitale Port-Vila V (Vanuatu)
17%
Donne la lettre qui désigne l'enveloppe qui a été pré-affranchie par une organisation telle qu'une entreprise pour expédier un courrier de réponse. (Elle fut inventée pour favoriser les réponses puisque l'expéditeur n'aura pas à payer le timbre) : enveloppe ? T
9%
Aucun quiz correspondant
Distribution des résultats
% des personnes avec chaque résultat
Percentile par nombre de réponses
Votre historique - résultats
Vous n’avez pas pris ce quiz